000 00487nam a2200217Ia 4500
008 210210b xxu||||| |||| 00| 0 eng d
041 _aeng
082 _a871/246
100 _aKRISHNAPATTU
245 _aSelection from classical literature Vol 1,Part 1
260 _a
_bNot Mentioned
_c
650 _aVol
650 _aSelection
650 _aliterature
650 _afrom
650 _aclassical
650 _a1,Part
650 _a1
690 _aMalayalam
906 _a002453
999 _c124420
_d124420